Judikatúra v oblasti rozhodovania súdov o nekalej súťaži bakalárska práca

Salvato in:
Dettagli Bibliografici
Autore principale: Hubočániová, Miroslava
Ente Autore: Obchodná fakulta EU. Katedra obchodného práva
Altri autori: Horvat, Matej
Natura: Libro
Lingua:slovacco
Pubblicazione: Bratislava 2013
Tags: Aggiungi Tag
Nessun Tag, puoi essere il primo ad aggiungerne!!

MARC

LEADER 00000nbm a2200000 4500
001 0171160
005 20161109112020.0
041 0 |a slo 
044 |a SK 
245 1 0 |a Judikatúra v oblasti rozhodovania súdov o nekalej súťaži  |b bakalárska práca  |c Miroslava Hubočániová ; školiteľ: Marian Kropaj 
264 1 |a Bratislava  |c 2013 
300 |a 44 s. 
100 1 |a Hubočániová, Miroslava 
700 1 |a Horvat, Matej 
710 2 |a Obchodná fakulta EU. Katedra obchodného práva